01578nas a2200361Ia 450000100030000000300100000300500170001300800410003002200140007103700170008504000460010204100130014824500770016126000150023826400620025330000190031531000200033433600220035433700190037633800060039536200160040154600220041765000270043977300520046681000120051894200150053095201320054595201310067795201310080895201300093995201300106999900170119917CO-MdFUSB20170301160227.0151030s9999 xxu 000 0 e d a0742-1524 bWorld Vision aCO-MdFUSBbspacCO-MdFUSBdCO-MdFUSBerda0 aengheng10aGlobal Futureba world vision journal of human developmentcWorld Vision aCalifornia aCalifornia, Estados Unidos de América : bWorld Vision  aNúmero 1 - 4 aNo aplicab2000 2rdacontenta1ba1 2rdamediaa2b5 a2 a2000 - 2001 aTexto en inglés vPublicaciones seriadas dCalifornia, Estados Unidos: Global Vision, 2000 hRevista cCR2ddca3 001040708HEM960722aFUSBCbFUSBCcREVd2004-09-28hNumero 4, (2000) l0o pR0560r2019-12-12 00:00:00tEj. 1yCRIINV2023 001040708HEM960723aFUSBCbFUSBCcREVd2004-09-28hNumero 5, (2002) l0o pR0561r2019-12-12 00:00:00tEj. 1yCRIINV2023 001040708HEM960724aFUSBCbFUSBCcREVd2004-09-28hNumero 4, (2001) l0o pR0564r2019-12-12 00:00:00tEj. 1yCRIINV2023 001040708HEM960725aFUSBCbFUSBCcREVd2004-09-28hNumero 3, (2001)l0o pR0563r2019-12-12 00:00:00tEj. 1yCRIINV2023 001040708HEM960726aFUSBCbFUSBCcREVd2004-09-28hNumero 2, (2001)l0o pR0562r2019-12-12 00:00:00tEj. 1yCRIINV2023 c49464d49464